Tuyển thơ

.

Сохранить в:
Библиографические подробности
Главный автор: Maiakopxki. V
Другие авторы: Hoàng Ngọc Hiến (dịch và giới thiệu)
Формат:
Язык:Vietnamese
Опубликовано: H. Văn học 1979
Предметы:
Метки: Добавить метку
Нет меток, Требуется 1-ая метка записи!
Thư viện lưu trữ: Mạng thư viện Đại học Đà Nẵng
LEADER 01049nam a2200349 4500
001 000004745
003 886
005 20120411160453.0
008 110804s1979 viesd
020 |c 15000 
041 0 |a vie 
082 |a 891.71  |b MA-V 
100 0 |a Maiakopxki. V 
245 0 |a Tuyển thơ  |c MAIAKÔPXKI.B.B 
260 |a H.  |b Văn học  |c 1979 
300 |a 360 tr.  |c 19 cm 
520 |a . 
653 |a Thơ 
653 |a Văn học Nga 
653 |a MAIAKÔPXKI.B.B 
700 |a Hoàng Ngọc Hiến  |e dịch và giới thiệu 
910 |a Thu Sương  |d 4/8/2011 
OWN |a LSP 
AVA |a UDN50  |b LSP  |d 891.71 MA-V  |e unavailable  |t Error 5002 Not defined in file expand_doc_bib_avail.  |f 5  |g 5  |h N  |i 0  |k 1 
999 |a From the UDN01 
AVA |a UDN50  |b LSP  |d 891.71 MA-V  |e unavailable  |t Error 5002 Not defined in file expand_doc_bib_avail.  |f 5  |g 5  |h N  |i 0  |k 1 
TYP |a Monograph 
TYP |a Printed language 
980 |a Mạng thư viện Đại học Đà Nẵng